00399nam a2200157Ia 45000010006000000050017000060080041000230410008000640820017000721000025000892450089001142600009002033000013002126500008002256540008002332498420260414151119.0260414t2007||||xx |||||||||||||| ||spa|| aESP a346.09bD283 aDuguit, León eAUT 0aLas transformaciones generales del derecho privado desde el código de Napoleónb c2007 ac21 cm. aDER aCDE